000 01099nam a2200253Ia 4500
003 OSt
005 20210426102630.0
008 210310s2010 eu gr 001 0 eng d
020 _a9780691139159
040 _aCO-JMCR
_cCO-JMCR
041 0 _aspa
082 0 4 _a336.001 /
_bK767n
_223
100 1 _aKocherlakota, Narayana R.,
_915304
_eautor
245 1 4 _aThe new dynamic public finance /
_cNarayana R. Kocherlakota
260 _aNew Jersey :
_bPrinceton University Press,
_c2010
300 _bx, 217 páginas ;
_c22 cm.
500 _aIncluye notas a pie de página e índice alfabético.
504 _aBibliografía al final de cada capítulo.
505 0 _aThe ramsey approach and its problems -- Basics of dynamic social contracting -- Dynamic optimal taxation: lessons for macroeconomists -- Optimal intergenerational taxation -- Quantitative analysis: methods and results -- The way forward
650 1 4 _aPolítica fiscal
_915306
_xModelos matemáticos
650 2 4 _aImpuestos
_xModelos matemáticos
_937120
650 2 4 _aHacienda pública
_xModelos matemáticos
_937121
942 _2ddc
_cBK
999 _c7736
_d7736